000 00579nam a2200217Ia 4500
003 OSt
005 20220925215322.0
006 a|||||r|||| 00| 0
007 ta
008 220923b |||||||| |||| 00| 0 eng d
037 _cGeneral Book
040 _aRTL
_cRTL
_beng
041 _2eng
_aeng
082 _aY, L9
100 _aHabermas Jurgen
245 0 _aCommunications and the evolution of society. Tr fr
260 _aLondon
_bHeinomann
_c1979
300 _axxiv,239p
_ccm.
942 _hY, L9
_cGB
_2CC
999 _c568498
_d568498